<?xml version="1.0" encoding="UTF-8"?>
<record
    xmlns:xsi="http://www.w3.org/2001/XMLSchema-instance"
    xsi:schemaLocation="http://www.loc.gov/MARC21/slim http://www.loc.gov/standards/marcxml/schema/MARC21slim.xsd"
    xmlns="http://www.loc.gov/MARC21/slim">

  <leader>01341nam a22002057a 4500</leader>
  <controlfield tag="003">IT-MiCISF</controlfield>
  <controlfield tag="005">20260220110910.0</controlfield>
  <controlfield tag="008">170619b        xxu||||| |||| 00| 0 eng d</controlfield>
  <datafield tag="040" ind1=" " ind2=" ">
    <subfield code="c">IT-MiCISF</subfield>
  </datafield>
  <datafield tag="041" ind1=" " ind2=" ">
    <subfield code="a">it</subfield>
  </datafield>
  <datafield tag="100" ind1=" " ind2=" ">
    <subfield code="a">Colombo Giuseppe</subfield>
    <subfield code="9">56521</subfield>
  </datafield>
  <datafield tag="245" ind1=" " ind2=" ">
    <subfield code="a">Questa casa non &#xE8; un albergo.</subfield>
    <subfield code="b">Contestazione e devianza dei figli adolescenti</subfield>
  </datafield>
  <datafield tag="260" ind1=" " ind2=" ">
    <subfield code="a">Cinisello B. (MI),</subfield>
    <subfield code="b">San Paolo, </subfield>
    <subfield code="c">2004</subfield>
  </datafield>
  <datafield tag="300" ind1=" " ind2=" ">
    <subfield code="a">pp. 128</subfield>
  </datafield>
  <datafield tag="500" ind1=" " ind2=" ">
    <subfield code="a">adolescenza, devianza, rapporti-genitori-figli, comunicazione, valori, educazione-familiare</subfield>
  </datafield>
  <datafield tag="520" ind1=" " ind2=" ">
    <subfield code="a">Il volume si colloca nella "stagione della famiglia con adolescenti" e affronta il tema del disagio, della contestazione e della devianza degli adolescenti all&#x2019;interno della famiglia. Perch&#xE9; gli adolescenti trasgrediscono? In cosa consiste il loro &#x201C;disagio&#x201D;, e come si esprime in famiglia, all&#x2019;interno della casa? E qual &#xE8; il &#x201C;disagio&#x201D; dei loro genitori e degli educatori nell&#x2019;affrontare le turbolenze adolescenziali? Cos&#x2019;&#xE8; la casa per un adolescente e perch&#xE9; diventa luogo di contestazione? Un libro per educatori e genitori con figli adolescenti, quindi, ma anche per chi vuole riflettere sul senso dell&#x2019;abitare come luogo delle relazioni familiari e dimensione privilegiata di comunione.</subfield>
  </datafield>
  <datafield tag="650" ind1=" " ind2=" ">
    <subfield code="a">Et&#xE0;-evolutiva</subfield>
    <subfield code="9">56123</subfield>
  </datafield>
  <datafield tag="654" ind1=" " ind2=" ">
    <subfield code="a">saggio</subfield>
  </datafield>
  <datafield tag="942" ind1=" " ind2=" ">
    <subfield code="2">ddc</subfield>
    <subfield code="c">BK</subfield>
  </datafield>
  <datafield tag="999" ind1=" " ind2=" ">
    <subfield code="c">336724</subfield>
    <subfield code="d">336724</subfield>
  </datafield>
  <datafield tag="952" ind1=" " ind2=" ">
    <subfield code="0">0</subfield>
    <subfield code="1">0</subfield>
    <subfield code="2">ddc</subfield>
    <subfield code="4">0</subfield>
    <subfield code="6">B_7360_000000000000000</subfield>
    <subfield code="7">1</subfield>
    <subfield code="a">CISF</subfield>
    <subfield code="b">CISF</subfield>
    <subfield code="d">2017-06-19</subfield>
    <subfield code="l">0</subfield>
    <subfield code="o">b7360</subfield>
    <subfield code="p">9788821552625</subfield>
    <subfield code="r">2017-06-19 00:00:00</subfield>
    <subfield code="w">2017-06-19</subfield>
    <subfield code="y">BK</subfield>
  </datafield>
</record>
